[Event "Hessen-ch Seniors op 08th"]
[Site "Bad Sooden-Allendorf"]
[Date "2012.04.22"]
[Round "9"]
[White "Just, Joachim"]
[Black "Willms, Willi"]
[Result "1/2-1/2"]
[WhiteElo "2030"]
[BlackElo "1922"]
[PlyCount "81"]
[EventDate "2012.04.14"]
[EventType "swiss"]
[EventRounds "9"]
[EventCountry "GER"]
[SourceTitle "EXT 2019"]
[Source "ChessBase"]
[SourceDate "2018.10.10"]
[SourceVersion "1"]
[SourceVersionDate "2018.10.10"]
[SourceQuality "1"]

1. g3 g6 2. f4 d5 3. Nf3 c5 4. Bg2 Bg7 5. 0-0 Nf6 6. d3 0-0 7. c3 Nc6 8. Na3 a6 9. Kh1 Re8 10. Be3 b6 11. Nh4 e6 12. Bg1 Ra7 13. Nc2 Rd7 14. e3 Qc7 15. Qe2 Red8 16. Rad1 e5 17. f5 Re7 18. e4 d4 19. cxd4 exd4 20. Qd2 Rde8 21. Bh3 Ne5 22. Ne1 Bb7 23. Bg2 Neg4 24. Qf4 Qd7 25. h3 Bh6 26. Qf3 Ne5 27. Qe2 Bg7 28. g4 g5 29. Nhf3 Nxf3 30. Nxf3 h6 31. Qd2 Bxe4 32. dxe4 Nxe4 33. Qe1 Nc3 34. Qg3 Nxd1 35. Rxd1 Re2 36. Rd2 d3 37. Bf1 Rxd2 38. Nxd2 Bxb2 39. Qf3 Rd8 40. Bg2 Be5 41. Be3 1/2-1/2

[Event "Hessen-ch Seniors op 08th"]
[Site "Bad Sooden-Allendorf"]
[Date "2012.04.14"]
[Round "1"]
[White "Scholz, Werner"]
[Black "Willms, Willi"]
[Result "1-0"]
[WhiteElo "1751"]
[BlackElo "1922"]
[PlyCount "47"]
[EventDate "2012.04.14"]
[EventType "swiss"]
[EventRounds "9"]
[EventCountry "GER"]
[SourceTitle "EXT 2019"]
[Source "ChessBase"]
[SourceDate "2018.10.10"]
[SourceVersion "1"]
[SourceVersionDate "2018.10.10"]
[SourceQuality "1"]

1. d4 d5 2. Nf3 Nf6 3. e3 e6 4. Bd3 c5 5. c3 Nc6 6. Nbd2 Bd6 7. 0-0 0-0 8. dxc5 Bxc5 9. Qe2 Re8 10. e4 e5 11. exd5 Nxd5 12. Ne4 Bb6 13. Rd1 Bg4 14. Neg5 g6 15. Bc4 Bxf3 16. Qxf3 Qf6 17. Bxd5 Qxf3 18. gxf3 Re7 19. b3 Kg7 20. Ba3 Rd7 21. Bxc6 Rxd1+ 22. Rxd1 bxc6 23. Rd7 Rd8 24. Ne6+ 1-0

[Event "Hessen-ch Seniors op 07th"]
[Site "Bad Sooden-Allendorf"]
[Date "2011.04.30"]
[Round "1"]
[White "Willms, Willi"]
[Black "Just, Fred"]
[Result "0-1"]
[WhiteElo "1656"]
[BlackElo "2051"]
[PlyCount "106"]
[EventDate "2011.04.30"]
[EventType "swiss"]
[EventRounds "9"]
[EventCountry "GER"]
[SourceTitle "EXT 2012"]
[Source "ChessBase"]
[SourceDate "2011.11.24"]
[SourceVersion "1"]
[SourceVersionDate "2011.11.24"]
[SourceQuality "1"]

1. e4 c6 2. d4 d5 3. Nc3 dxe4 4. Nxe4 Nf6 5. Nxf6+ gxf6 6. Nf3 Bf5 7. Bf4 Nd7 8. Bc4 e6 9. Qd2 Nb6 10. Bb3 Nd5 11. Bxd5 Qxd5 12. c3 Be4 13. Qe3 Bxf3 14. Qxf3 Qxf3 15. gxf3 Rg8 16. Ke2 Be7 17. Rag1 Kd7 18. Rg3 Rg6 19. h4 Rag8 20. Rhg1 h5 21. Rxg6 Rxg6 22. Rxg6 fxg6 23. Bg3 f5 24. f4 c5 25. dxc5 Bxc5 26. f3 Kc6 27. Kd3 Bg1 28. a4 a6 29. Kc4 Be3 30. Kd3 Bg1 31. Kc4 Bc5 32. Kd3 Be7 33. Kc4 Bf6 34. b3 Kd6 35. Kd3 Kd5 36. b4 b5 37. Bf2 Bd8 38. axb5 axb5 39. Bg3 Bb6 40. Be1 Ba7 41. Bg3 Bg1 42. Kc2 Kc4 43. Kd2 Bb6 44. Be1 Bd8 45. Kc2 Bf6 46. Kb2 e5 47. fxe5 Bxe5 48. Kc2 f4 49. Bd2 Bc7 50. Be1 Bd8 51. Bf2 g5 52. hxg5 Bxg5 53. Kd2 Bf6 0-1

[Event "Bad Bertrich op 17th"]
[Site "Bad Bertrich"]
[Date "2009.12.05"]
[Round "2"]
[White "Willms, Willi"]
[Black "Berger, Volkmar"]
[Result "1-0"]
[WhiteElo "1676"]
[BlackElo "1463"]
[PlyCount "45"]
[EventDate "2009.12.04"]
[EventType "swiss"]
[EventRounds "9"]
[EventCountry "GER"]
[SourceTitle "CBM 134 Extra"]
[Source "ChessBase"]
[SourceDate "2010.03.03"]
[SourceVersion "1"]
[SourceVersionDate "2010.03.03"]
[SourceQuality "1"]

1. e4 g6 2. d4 Bg7 3. Bc4 c5 4. c3 cxd4 5. cxd4 d6 6. Nc3 a6 7. Be3 Nf6 8. h3 Nc6 9. Nge2 Qc7 10. a3 Bd7 11. Ba2 Rc8 12. Rc1 0-0 13. 0-0 Qa5 14. Nf4 Na7 15. Re1 Bc6 16. d5 Bd7 17. Bxa7 b6 18. Qd4 Nh5 19. Qe3 Nxf4 20. Bxb6 Bxc3 21. Bxa5 Bxa5 22. Rxc8 Rxc8 23. b4 1-0

[Event "Bad Bertrich Seniors op 17th"]
[Site "Bad Bertrich"]
[Date "2009.12.04"]
[Round "1"]
[White "Goy, Udo"]
[Black "Willms, Willi"]
[Result "1-0"]
[WhiteElo "2108"]
[BlackElo "1645"]
[PlyCount "49"]
[EventDate "2009.12.04"]
[EventType "swiss"]
[EventRounds "9"]
[EventCountry "GER"]
[SourceTitle "EXT 2022"]
[Source "ChessBase"]
[SourceDate "2021.10.06"]
[SourceVersion "1"]
[SourceVersionDate "2021.10.06"]
[SourceQuality "1"]

1. d4 d5 2. Nf3 Nf6 3. c4 e6 4. Nc3 Bb4 5. e3 Ne4 6. Qc2 0-0 7. Bd3 Bxc3+ 8. bxc3 f5 9. 0-0 c6 10. Ne5 Nd7 11. f3 Nxe5 12. dxe5 Nc5 13. Ba3 b6 14. Rad1 Qh4 15. cxd5 cxd5 16. c4 Bb7 17. Bxc5 bxc5 18. cxd5 Bxd5 19. Qxc5 Bxa2 20. e4 Bb3 21. Rb1 Rfc8 22. Qd6 Rd8 23. Qa6 fxe4 24. fxe4 Rdb8 25. Rxb3 1-0